Statistics for 2020's Busiest Airports in Europe

Click here to take the quiz!

General Stats

  • This quiz has been taken 62 times
  • The average score is 74 of 100

Answer Stats

HintAnswer% Correct
12,739,259Barcelona
100%
10,171,867London (Gatwick)
100%
22,109,726London (Heathrow)
100%
5,472,826London (Luton)
100%
7,543,779London (Stansted)
100%
9,268,000Lisbon
98%
17,112,389Madrid
98%
16,389,427Moscow (Domodedovo)
98%
19,566,402Moscow (Sheremetyevo)
98%
12,565,241Moscow (Vnukovo)
98%
22,257,469Paris (Charles de Gaulle)
98%
10,797,105Paris (Orly)
98%
20,887,174Amsterdam
96%
7,037,036Manchester
96%
9,021,729Oslo
96%
6,535,776Stockholm
96%
10,944,421St. Petersburg
96%
3,223,603Berlin (Schonefeld)
94%
5,867,601Berlin (Tegel)
94%
7,400,000Dublin
94%
4,436,000Porto
94%
9,830,957Rome
94%
7,812,938Vienna
94%
5,482,000Warsaw
94%
8,341,047Zurich
94%
18,768,601Frankfurt
92%
5,600,914Geneva
92%
23,409,132Istanbul
92%
5,157,848Kiev
92%
7,241,766Milan
92%
3,833,063Milan/Bergamo
92%
2,274,202Milan (Linate)
92%
12,565,241Munich
92%
8,078,383Athens
91%
6,743,395Brussels
91%
3,473,652Edinburgh
91%
5,053,134Helsinki
91%
2,779,946Naples
91%
3,665,871Prague
91%
4,456,000Bucharest
89%
3,859,379Budapest
89%
7,525,441Copenhagen
89%
4,557,372Hamburg
89%
2,865,845Birmingham
87%
1,944,981Glasgow
87%
1,621,159Rome (Ciampino)
87%
6,569,728Dusseldorf
85%
UnknownMarseille
85%
1,939,192Minsk
85%
UnknownNice
85%
2,937,846Sofia
85%
2,487,496Valencia
83%
2,592,972Krakow
81%
UnknownLyon
81%
3,076,587Cologne
79%
2,799,688Venice
79%
1,904,025Belgrade
77%
2,010,000Riga
77%
2,315,610Seville
77%
1,746,951Belfast
75%
2,253,000Bordeaux
75%
2,598,980Basel
74%
UnknownToulouse
74%
1,690,011Bilbao
72%
3,213,695Stuttgart
72%
1,576,787Gothenburg
70%
2,701,519Palermo
70%
6,108,486Palma de Mallorca
70%
5,161,636Malaga
68%
2,317,336Thessaloniki
68%
2,110,348Ibiza
66%
1,703,130Bari
64%
1,452,361Hanover
62%
3,833,063Alicante
60%
2,711,276Bergen
60%
2,506,258Bologna
60%
1,711,281Gdansk
58%
2,192,725Bristol
57%
3,654,457Catania
57%
2,818,921Nantes
57%
1,767,890Cagliari
53%
2,378,145Heraklion
53%
1,416,000Pisa
49%
2,112,785Eindhoven
47%
2,208,000Faro
47%
2,171,603Kazan
45%
1,551,123Rhodes
45%
2,086,000Rostov-on Don
43%
1,748,050Malta
42%
1,445,781Katowice
40%
1,802,826Trondheim
38%
2,368,689Ufa
32%
3,076,447Krasnodar
26%
1,674,900Stavanger
26%
1,675,034Samara
25%
2,592,972Charleroi
23%
2,117,931Kaliningrad
19%
4,630,000Simferopol
15%
1,797,989Mineralnye Vody
6%
1,813,347Anapa
4%

Score Distribution

Percentile by Number Answered

Percent of People with Each Score

Your Score History

You have not taken this quiz